000 00382nam a2200145Ia 4500
008 231129s1998||||xx |||||||||||||| ||spa||
020 _a958-03-0080-1 (Obra
040 _bspa
082 _a510 U76e
100 _aUribe Calad Julio Alberto
245 0 _aElementos de matematicas
260 _c1998
264 _aBedout Editores
942 _2ddc
_cBKS
999 _c12770
_d12770